Подробности
| 000 -МАРКЕР |
| контрольное поле |
01999nam0a2200325 4500 |
| 001 - ИДЕНТИФИКАТОР ЗАПИСИ |
| контрольное поле |
RU\NLR\bibl\1790108 |
| 005 - ИДЕНТИФИКАТОР ВЕРСИИ |
| контрольное поле |
20250616142410.0 |
| 010 ## - МЕЖДУНАРОДНЫЙ СТАНДАРТНЫЙ НОМЕР КНИГИ (ISBN) |
| Номер (ISBN) |
978-5-8343-0646-7 |
| Тираж |
200 |
| 021 ## - НОМЕР ГОСУДАРСТВЕННОЙ РЕГИСТРАЦИИ |
| Код страны |
Российская Федерация |
| Номер |
2011-46628 |
| Номер Листа государственной регистраци |
3315 |
| 035 ## - ДРУГИЕ СИСТЕМНЫЕ НОМЕРА |
| Идентификатор записи |
(NLR Aleph) 001780817 |
| 100 ## - ДАННЫЕ ОБЩЕЙ ОБРАБОТКИ |
| Данные общей обработки |
20110719d2010 |||y0rusy50 ca |
| 101 0# - ЯЗЫК РЕСУРСА |
| Язык текста, звукозаписи и т.д. |
русский |
| 102 ## - СТРАНА ПУБЛИКАЦИИ ИЛИ ПРОИЗВОДСТВА |
| Страна публикации |
Российская Федерация |
| 105 ## - ПОЛЕ КОДИРОВАННЫХ ДАННЫХ: ТЕКСТОВЫЕ МАТЕРИАЛЫ, МОНОГРАФИЧЕСКИЕ |
| Кодированные данные о монографическом текстовом документе |
ab ||||||||| |
| 200 1# - ЗАГЛАВИЕ И СВЕДЕНИЯ ОБ ОТВЕТСТВЕННОСТИ |
| Основное заглавие |
Население дневных чешуекрылых (Lepidoptera, Diurna) Государственного природного заповедника "Уссурийский" имени В.Л. Комарова |
| Первые сведения об ответственности |
Мартыненко Андрей Борисович, Сасова Лидия Евгеньевна |
| Последующие сведения об ответственности |
отв. ред. д.биол.н. Е.С. Равкин |
| -- |
М-во образования и науки Рос. Федерации, Дальневост. гос. ун-т, Рос. акад. наук. Дальневосточное отд-ние, Гос. природ. заповедник "Уссурийский" им. В.Л. Комарова |
| 210 ## - ПУБЛИКАЦИЯ, РАСПРОСТРАНЕНИЕ И ДР. |
| Место издания, распространения и т.д. |
Владивосток |
| Имя издателя, распространителя и т. д. |
Морской государственный университет |
| Дата издания, распространения и т.д. |
2010 |
| 215 ## - ФИЗИЧЕСКАЯ ХАРАКТЕРИСТИКА |
| Специфическое обозначение материала и объем |
211 с. |
| Другие сведения о физической характеристике |
ил., карт. |
| Размеры |
21 |
| 320 ## - ПРИМЕЧАНИЯ О НАЛИЧИИ В ДОКУМЕНТЕ БИБЛИОГРАФИИ / УКАЗАТЕЛЯ |
| Текст примечания |
Библиогр.: с. 137-159 |
| 601 02 - НАИМЕНОВАНИЕ ОРГАНИЗАЦИИ КАК ПРЕДМЕТ |
| Начальный элемент ввода |
"Уссурийский", государственный природный заповедник им. В.Л. Комарова |
| Идентифицирующий признак |
Приморский край |
| Тематический подзаголовок |
Зоологические исследования |
| Системный номер авторитетной/нормативной записи |
2622547 |
| Идентификатор авторитетной/нормативной записи |
RU\NLR\auth\661559107 |
| 606 1# - НАИМЕНОВАНИЕ ТЕМЫ КАК ПРЕДМЕТ |
| Наименование темы |
Дневные бабочки |
| Географический подзаголовок |
Приморский край |
| Системный номер авторитетной/нормативной записи |
1011829 |
| Идентификатор авторитетной/нормативной записи |
RU\NLR\auth\66385308 |
| 686 ## - ИНДЕКСЫ ДРУГИХ КЛАССИФИКАЦИЙ |
| Индекс |
Б12(2)Уссурийский |
| 686 ## - ИНДЕКСЫ ДРУГИХ КЛАССИФИКАЦИЙ |
| Индекс |
Е691.895.2(2Р55-4Пр) |
| 700 #1 - ИМЯ ЛИЦА - ПЕРВИЧНАЯ ОТВЕТСТВЕННОСТЬ |
| Начальный элемент ввода |
Мартыненко |
| Часть имени, кроме начального элемента ввода |
А. Б. |
| Даты |
1972- |
| Расширение инициалов личного имени |
Андрей Борисович |
| Код отношения |
Автор |
| 701 #1 - ИМЯ ЛИЦА - АЛЬТЕРНАТИВНАЯ ОТВЕТСТВЕННОСТЬ |
| Начальный элемент ввода |
Сасова |
| Часть имени, кроме начального элемента ввода |
Л. Е. |
| Расширение инициалов личного имени |
Лидия Евгеньевна |
| Код отношения |
Автор |
| 801 #0 - ИСТОЧНИК ЗАПИСИ |
| Страна |
Российская Федерация |
| Организация |
NLR |
| Дата составления |
20110719 |
| Правила каталогизации |
RCR |
| 801 #1 - ИСТОЧНИК ЗАПИСИ |
| Страна |
Российская Федерация |
| Организация |
NLR |
| Дата составления |
20110719 |
| 942 ## - ДОПОЛНИТЕЛЬНЫЕ ЭЛЕМЕНТЫ ЗАПИСИ (АБИС) |
| Тип экземпляра АБИС |
Книга |
| 980 ## - КОЛЛЕКЦИЯ |
| Название коллекции |
Национальная библиография |